000 00897pam a2200289 a 4500
999 _c2060
_d2060
003 OSt
005 20210706082733.0
008 841120s1985 enka b 001 0 eng c
020 _a0192614096 (pbk.) :
040 _cDLC
050 0 0 _aRB155
_b.R65 1985
060 _aQZ 50 R645i
100 1 _aRoberts, J. A. Fraser
_d1899-
245 1 3 _aAn introduction to medical genetics /
_cJ.A. Fraser Roberts and Marcus E. Pembrey.
250 _a8th ed.
260 _aOxford ;
_aNew York :
_bOxford University Press,
_c1985.
300 _axvi, 394 p. :
_bill. ;
_c24 cm.
440 0 _aOxford medical publications
500 _aIncludes indexes.
504 _aBibliography: p. 370-381.
650 0 _aMedical genetics.
650 2 _aGenetics, Medical.
650 2 _aHereditary Diseases.
700 1 _aPembrey, Marcus E.
906 _a7
_bcbc
_corignew
_d1
_eocip
_f19
_gy-gencatlg
942 _2lcc
_cBK
_nDO